<?xml version="1.0" encoding="UTF-8"?>
<record
    xmlns:xsi="http://www.w3.org/2001/XMLSchema-instance"
    xsi:schemaLocation="http://www.loc.gov/MARC21/slim http://www.loc.gov/standards/marcxml/schema/MARC21slim.xsd"
    xmlns="http://www.loc.gov/MARC21/slim">

  <leader>01192nam0a22002891  4500</leader>
  <controlfield tag="001">rc\35314</controlfield>
  <controlfield tag="005">20250620154026.0</controlfield>
  <datafield tag="010" ind1=" " ind2=" ">
    <subfield code="a">5-03-002758-8</subfield>
    <subfield code="9">100000</subfield>
  </datafield>
  <datafield tag="035" ind1=" " ind2=" ">
    <subfield code="a">(NLR Aleph) 005319152</subfield>
  </datafield>
  <datafield tag="090" ind1=" " ind2=" ">
    <subfield code="a">6469223</subfield>
    <subfield code="c">6469223</subfield>
  </datafield>
  <datafield tag="100" ind1=" " ind2=" ">
    <subfield code="a">20021216d1991    |||y0rusy50      ca</subfield>
  </datafield>
  <datafield tag="101" ind1="0" ind2=" ">
    <subfield code="a">rus</subfield>
  </datafield>
  <datafield tag="102" ind1=" " ind2=" ">
    <subfield code="a">RU</subfield>
  </datafield>
  <datafield tag="105" ind1=" " ind2=" ">
    <subfield code="a">a   |||||||||</subfield>
  </datafield>
  <datafield tag="200" ind1="1" ind2=" ">
    <subfield code="a">&#x418;&#x437;&#x431;&#x440;&#x430;&#x43D;&#x43D;&#x43E;&#x435;</subfield>
    <subfield code="e">&#x41D;&#x430;&#x443;&#x447;.-&#x444;&#x430;&#x43D;&#x442;&#x430;&#x441;&#x442;. &#x43F;&#x440;&#x43E;&#x438;&#x437;&#x432;&#x435;&#x434;&#x435;&#x43D;&#x438;&#x44F;</subfield>
    <subfield code="f">&#x411;&#x435;&#x43D; &#x411;&#x43E;&#x432;&#x430;</subfield>
    <subfield code="g">&#x41F;&#x435;&#x440;. &#x441; &#x430;&#x43D;&#x433;&#x43B;. &#x411;. &#x41A;&#x43B;&#x44E;&#x435;&#x432;&#x43E;&#x439;, &#x418;. &#x41C;&#x43E;&#x436;&#x435;&#x439;&#x43A;&#x43E;</subfield>
    <subfield code="g">[&#x425;&#x443;&#x434;&#x43E;&#x436;. &#x411;.&#x41D;. &#x427;&#x443;&#x43F;&#x440;&#x44B;&#x433;&#x438;&#x43D;]</subfield>
  </datafield>
  <datafield tag="210" ind1=" " ind2=" ">
    <subfield code="a">&#x41C;.</subfield>
    <subfield code="c">&#x41C;&#x438;&#x440;</subfield>
    <subfield code="d">1991</subfield>
  </datafield>
  <datafield tag="215" ind1=" " ind2=" ">
    <subfield code="a">313, [2] &#x441;.</subfield>
    <subfield code="c">&#x438;&#x43B;.</subfield>
    <subfield code="d">20</subfield>
  </datafield>
  <datafield tag="327" ind1="1" ind2=" ">
    <subfield code="a">&#x421;&#x43E;&#x434;&#x435;&#x440;&#x436;.: &#x412;&#x43B;&#x430;&#x441;&#x442;&#x435;&#x43B;&#x438;&#x43D;&#x44B; &#x43F;&#x43E;&#x433;&#x43E;&#x434;&#x44B;; &#x41D;&#x435;&#x437;&#x43D;&#x430;&#x447;&#x438;&#x442;&#x435;&#x43B;&#x44C;&#x43D;&#x44B;&#x439; &#x43F;&#x440;&#x43E;&#x441;&#x447;&#x435;&#x442;; &#x412;&#x435;&#x442;&#x440;&#x44B; &#x410;&#x43B;&#x44C;&#x442;&#x430;&#x438;&#x440;&#x430;</subfield>
  </datafield>
  <datafield tag="464" ind1=" " ind2="0">
    <subfield code="1">2001#$a&#x412;&#x43B;&#x430;&#x441;&#x442;&#x435;&#x43B;&#x438;&#x43D;&#x44B; &#x43F;&#x43E;&#x433;&#x43E;&#x434;&#x44B;</subfield>
    <subfield code="t">&#x412;&#x43B;&#x430;&#x441;&#x442;&#x435;&#x43B;&#x438;&#x43D;&#x44B; &#x43F;&#x43E;&#x433;&#x43E;&#x434;&#x44B;</subfield>
  </datafield>
  <datafield tag="464" ind1=" " ind2="0">
    <subfield code="1">2001#$a&#x41D;&#x435;&#x437;&#x43D;&#x430;&#x447;&#x438;&#x442;&#x435;&#x43B;&#x44C;&#x43D;&#x44B;&#x439; &#x43F;&#x440;&#x43E;&#x441;&#x447;&#x435;&#x442;</subfield>
    <subfield code="t">&#x41D;&#x435;&#x437;&#x43D;&#x430;&#x447;&#x438;&#x442;&#x435;&#x43B;&#x44C;&#x43D;&#x44B;&#x439; &#x43F;&#x440;&#x43E;&#x441;&#x447;&#x435;&#x442;</subfield>
  </datafield>
  <datafield tag="464" ind1=" " ind2="0">
    <subfield code="1">2001#$a&#x412;&#x435;&#x442;&#x440;&#x44B; &#x410;&#x43B;&#x44C;&#x442;&#x430;&#x438;&#x440;&#x430;</subfield>
    <subfield code="t">&#x412;&#x435;&#x442;&#x440;&#x44B; &#x410;&#x43B;&#x44C;&#x442;&#x430;&#x438;&#x440;&#x430;</subfield>
  </datafield>
  <datafield tag="700" ind1=" " ind2="1">
    <subfield code="a">&#x411;&#x43E;&#x432;&#x430;</subfield>
    <subfield code="b">&#x411;.</subfield>
    <subfield code="f">1932-</subfield>
    <subfield code="g">&#x411;&#x435;&#x43D;</subfield>
  </datafield>
  <datafield tag="801" ind1=" " ind2="0">
    <subfield code="a">RU</subfield>
    <subfield code="b">NLR</subfield>
    <subfield code="g">psbo</subfield>
  </datafield>
  <datafield tag="801" ind1=" " ind2="1">
    <subfield code="a">RU</subfield>
    <subfield code="b">ELAR</subfield>
    <subfield code="2">rusmarc</subfield>
  </datafield>
  <datafield tag="852" ind1=" " ind2=" ">
    <subfield code="a">NLR</subfield>
    <subfield code="j">91-3/14885</subfield>
  </datafield>
  <datafield tag="942" ind1=" " ind2=" ">
    <subfield code="c">BOOK</subfield>
  </datafield>
  <datafield tag="980" ind1=" " ind2=" ">
    <subfield code="a">NB</subfield>
  </datafield>
  <datafield tag="995" ind1=" " ind2=" ">
    <subfield code="5">2013-10-26</subfield>
    <subfield code="b">NLR01</subfield>
    <subfield code="c">NLR01</subfield>
    <subfield code="e">RF9</subfield>
    <subfield code="f">5319152-10</subfield>
    <subfield code="k">91-3/14885</subfield>
    <subfield code="o">0</subfield>
    <subfield code="r">BOOK</subfield>
    <subfield code="s">91314885_</subfield>
  </datafield>
  <datafield tag="995" ind1=" " ind2=" ">
    <subfield code="5">2014-04-21</subfield>
    <subfield code="a">az</subfield>
    <subfield code="b">NLR02</subfield>
    <subfield code="c">NLR02</subfield>
    <subfield code="e">NZ2</subfield>
    <subfield code="f">1-491050</subfield>
    <subfield code="k">&#x41D;&#x437;  &#x428;6(7&#x421;&#x428;&#x410;)/&#x411;-729</subfield>
    <subfield code="o">0</subfield>
    <subfield code="r">BOOK</subfield>
    <subfield code="s">_67729</subfield>
  </datafield>
</record>
